المجلة : وهي تحتوي على القوانين الشرعية والاحكام العدلية المطابقة للكتب الفقهية / al-Majallah : wa-hiya taḥtawī ʻalá al-qawānīn al-sharʻīyah wa-al-aḥkām al-ʻadlīyah al-muṭābiqah lil-kutub al-fiqhīyah

محفوظ في:

المؤلف الرئيسي: ḥarraratʹhā lajnah muʼallaf min al-ʻulamāʼ ....

التنسيق: كتاب

اللغة: Undetermined

منشور في: Qusṭanṭīyah Maṭbaʻat al-Jawāʼib, , 1879

الوسوم: إضافة وسم

لا توجد وسوم, كن أول من يضع وسما على هذه التسجيلة!

رقم الطلب: (R)A40 MAJA

LEADER 00682nam a2200121Ia 4500
008 240404s9999||||xx |||||||||||||| ||und||
050 4 |a (R)A40 MAJA 
100 1 |a ḥarraratʹhā lajnah muʼallaf min al-ʻulamāʼ .... 
245 1 0 |a المجلة : وهي تحتوي على القوانين الشرعية والاحكام العدلية المطابقة للكتب الفقهية / al-Majallah : wa-hiya taḥtawī ʻalá al-qawānīn al-sharʻīyah wa-al-aḥkām al-ʻadlīyah al-muṭābiqah lil-kutub al-fiqhīyah   |c ḥarraratʹhā lajnah muʼallaf min al-ʻulamāʼ ... 
264 1 |a Qusṭanṭīyah  |b Maṭbaʻat al-Jawāʼib, ,  |c 1879 
300 |a 317  |c 24 
942 |2 lcc  |c BK 
999 |c 58023  |d 58023